000 00732nam a2200229 i 4500
001 45799
003 ES-MaACL
005 20230906161258.0
007 t|
008 030327s1975 sp ||||1| cat d
100 1 _aColletti, Lucio.
_939697
245 1 3 _aEl marxisme com a sociologia /
_cLucio Colletti ; prólec de Francesc Agües, [traducció de l'italiá por Salvador Jáfer].
260 _aValencia :
_bTres i Quatre,
_c[1975]
300 _a128 p. ;
_c20 cm.
490 1 _aQuaderns 3 i 4 ;
_v11
650 0 4 _aMarxismo.
_914803
700 0 _aAgües, Francesc.
_918664
700 0 _aJàfer, Salvador.
_965909
830 0 _aQuaderns 3 i 4 ;
_v11
_9229952
852 _aES-MaACL
_jE-8930
_bR.93366
999 _c45799
_d45799